00461nam a22001817a 4500001000700000003000900007005001700016007000700033008003500040040002200075100001200097245004300109250001200152260003600164300002300200490002800223830002800251000196DO-SdBNP20180223133139.0000196151210b 1968 sp a 00| 0 spa d aBPMSUbspacBPMSU1 aHergé14aLas joyas de la Castafiore /cHergé  a3a. ed. aBarcelona ; bJuventud, c1968. a62 ;bil.c29 cm. 1 aLas aventuras de Tintin 0aLas aventuras de Tintin